<?xml version="1.0" encoding="UTF-8"?>
<record
    xmlns:xsi="http://www.w3.org/2001/XMLSchema-instance"
    xsi:schemaLocation="http://www.loc.gov/MARC21/slim http://www.loc.gov/standards/marcxml/schema/MARC21slim.xsd"
    xmlns="http://www.loc.gov/MARC21/slim">

  <leader>01106    a2200229   4500</leader>
  <datafield tag="999" ind1=" " ind2=" ">
    <subfield code="c">95699</subfield>
    <subfield code="d">95699</subfield>
  </datafield>
  <controlfield tag="003">NALT</controlfield>
  <controlfield tag="005">20230523095005.0</controlfield>
  <controlfield tag="008">190213b           ||||| |||| 00| 0 tha d</controlfield>
  <datafield tag="020" ind1=" " ind2=" ">
    <subfield code="a">9786167302577</subfield>
  </datafield>
  <datafield tag="040" ind1=" " ind2=" ">
    <subfield code="a">NALT</subfield>
  </datafield>
  <datafield tag="050" ind1=" " ind2=" ">
    <subfield code="a">DS 521.2</subfield>
    <subfield code="b">&#xE27;811</subfield>
  </datafield>
  <datafield tag="110" ind1="2" ind2=" ">
    <subfield code="9">37259</subfield>
    <subfield code="a">&#xE01;&#xE2D;&#xE07;&#xE1A;&#xE23;&#xE23;&#xE13;&#xE32;&#xE18;&#xE34;&#xE01;&#xE32;&#xE23;&#xE1A;&#xE23;&#xE34;&#xE29;&#xE31;&#xE17;&#xE2D;&#xE32;&#xE23;&#xE35;&#xE19;&#xE32; &#xE41;&#xE01;&#xE25;&#xE25;&#xE2D;&#xE23;&#xE35;&#xE48;</subfield>
  </datafield>
  <datafield tag="245" ind1="0" ind2="0">
    <subfield code="a">We are Asean /</subfield>
    <subfield code="c">&#xE01;&#xE2D;&#xE07;&#xE1A;&#xE23;&#xE23;&#xE13;&#xE32;&#xE18;&#xE34;&#xE01;&#xE32;&#xE23;&#xE1A;&#xE23;&#xE34;&#xE29;&#xE31;&#xE17;&#xE2D;&#xE32;&#xE23;&#xE35;&#xE19;&#xE32; &#xE41;&#xE01;&#xE25;&#xE25;&#xE2D;&#xE23;&#xE35;&#xE48;.</subfield>
  </datafield>
  <datafield tag="260" ind1=" " ind2=" ">
    <subfield code="a">&#xE01;&#xE23;&#xE38;&#xE07;&#xE40;&#xE17;&#xE1E;&#xE2F; :</subfield>
    <subfield code="b">&#xE2D;&#xE32;&#xE23;&#xE35;&#xE19;&#xE32; &#xE41;&#xE01;&#xE25;&#xE25;&#xE2D;&#xE23;&#xE35;&#xE48;,</subfield>
    <subfield code="c">&#xE21;.&#xE1B;.&#xE1B;..</subfield>
  </datafield>
  <datafield tag="300" ind1=" " ind2=" ">
    <subfield code="a">24 &#xE2B;&#xE19;&#xE49;&#xE32; :</subfield>
    <subfield code="b">&#xE20;&#xE32;&#xE1E;&#xE1B;&#xE23;&#xE30;&#xE01;&#xE2D;&#xE1A; ;</subfield>
    <subfield code="c">37 &#xE0B;&#xE21;.</subfield>
  </datafield>
  <datafield tag="651" ind1=" " ind2="0">
    <subfield code="a">&#xE01;&#xE25;&#xE38;&#xE48;&#xE21;&#xE1B;&#xE23;&#xE30;&#xE40;&#xE17;&#xE28;&#xE2D;&#xE32;&#xE40;&#xE0B;&#xE35;&#xE22;&#xE19;</subfield>
    <subfield code="9">6281</subfield>
  </datafield>
  <datafield tag="651" ind1=" " ind2="4">
    <subfield code="9">37260</subfield>
    <subfield code="a">&#xE01;&#xE25;&#xE38;&#xE48;&#xE21;&#xE1B;&#xE23;&#xE30;&#xE40;&#xE17;&#xE28;&#xE2D;&#xE32;&#xE40;&#xE0B;&#xE35;&#xE22;&#xE19; </subfield>
    <subfield code="x">&#xE1B;&#xE23;&#xE30;&#xE27;&#xE31;&#xE15;&#xE34;&#xE28;&#xE32;&#xE2A;&#xE15;&#xE23;&#xE4C;</subfield>
  </datafield>
  <datafield tag="651" ind1=" " ind2="4">
    <subfield code="9">10881</subfield>
    <subfield code="a">&#xE40;&#xE2D;&#xE40;&#xE0A;&#xE35;&#xE22;&#xE15;&#xE30;&#xE27;&#xE31;&#xE19;&#xE2D;&#xE2D;&#xE01;&#xE40;&#xE09;&#xE35;&#xE22;&#xE07;&#xE43;&#xE15;&#xE49;</subfield>
  </datafield>
  <datafield tag="850" ind1=" " ind2=" ">
    <subfield code="a">NALT</subfield>
  </datafield>
  <datafield tag="942" ind1=" " ind2=" ">
    <subfield code="2">lcc</subfield>
    <subfield code="c">GB</subfield>
  </datafield>
  <datafield tag="998" ind1=" " ind2=" ">
    <subfield code="a">phon</subfield>
    <subfield code="b">phon</subfield>
    <subfield code="c">phon</subfield>
    <subfield code="j">111</subfield>
    <subfield code="k"> &#xE19;&#xE32;&#xE07;&#xE2A;&#xE32;&#xE27;&#xE1E;&#xE08;&#xE1E;&#xE34;&#xE13;  &#xE1E;&#xE23;&#xE21;&#xE40;&#xE2D;&#xE35;&#xE48;&#xE22;&#xE21;</subfield>
  </datafield>
  <datafield tag="952" ind1=" " ind2=" ">
    <subfield code="0">0</subfield>
    <subfield code="1">0</subfield>
    <subfield code="2">lcc</subfield>
    <subfield code="4">0</subfield>
    <subfield code="7">0</subfield>
    <subfield code="8">CASEAN</subfield>
    <subfield code="a">NALT</subfield>
    <subfield code="b">NALT</subfield>
    <subfield code="d">2019-02-11</subfield>
    <subfield code="e">3</subfield>
    <subfield code="l">1</subfield>
    <subfield code="o">ASEAN DS 521.2 &#xE27;811 </subfield>
    <subfield code="p">3961209894</subfield>
    <subfield code="r">2023-05-30 00:00:00</subfield>
    <subfield code="s">2023-05-23</subfield>
    <subfield code="w">2019-02-11</subfield>
    <subfield code="y">GB</subfield>
  </datafield>
</record>
